00611nam a22001817a 450000500170000001000150001702000260003203500140005803700130007208200080008510000250009324500710011826000480018927000710023730000200030850000760032870000250040420220816122952.0 aENG-134416 a9789391091040c210.00 aEN-117948 bDBAD/PUB a881 aSekulic, Maja Herman aClassic World Poetry/cMaja Herman Sekulic and Jernail Singh Anand aGurugrambThe Poetry Society of Indiac2021 aH-23/16, DLF Phase-IbGurugrame122002mthepoetrysoindia@gmail.com a83p.c22cm(pbk) aPart-1 (The Mighty Irine) Part-2 (The Survivor Of A Thousand Shiwrecks) aAnand, Jernail Singh